=LDR 00000nam 2200000 4500 =001 INLIS000000000024380 =005 20130612122954 =008 ***********************************Ind** =035 ##$$0010-061300000024380 =041 ##$$a Ind =082 ##$$a 028.5 =090 ##$$a 028.5, Sca p =100 ##$$a Scarry, Richard =245 ##$$a Pekerja-pekerja yang rajin6cRichard Scarry =260 ##$$a 1991 $b Jakarta =300 ##$$a 24 hlm, ilus, 21 cm =650 ##$$a Pekerja yang rajin =850 ##$$a NBPNMAT